Estadísticas para Top 10 Países con el Mayor Número de Vacas

Haz click aquí para tomar la prueba!

Estadísticas generales

  • Esta prueba ha sido tomada 676 veces
  • La puntuación promedio es 7 de 10

Estadísticas de respuestas

# de vacas País % Correcto
88.5 MEstados Unidos
95%
187 MIndia
94%
117 MChina
90%
51.6 MArgentina
86%
212 MBrasil
85%
32.9 MMéxico
81%
29.1 MAustralia
73%
39.7 MPakistán
51%
56.7 MEtiopía
23%
30.2 MSudán
18%

Distribución de puntuación

Porcentaje por número respondido

Porcentaje de gente con cada puntuación

Historial de tus puntuaciones

No has tomado esta prueba